00749nam a2200241Ia 4500003000400000005001700004008004100021020002200062040000700084041000800091082001700099100002600116245003500142260004700177300001500224365001300239650002100252650002400273906003900297942001200336999001900348952014000367OSt20230516140122.0210423s2010 xx 000 0 und d a978-1-107-40022-1 cAL aeng a418.007 MARM aMARKEE (Numa)9105282 aManaging curricular innovation aNew YorkbCambridge University Pressc2010 axi,227bPB b340cINR aLanguage9105283 aLinguistics9105284 acurricular ; innovation ; Managing 2ddccBK c166352d166352 001040708MAENGaSACPGbSACPGd2015-01-28eBiblios Book Pointg340.00l0o418.007 MARMpPG012852r2022-08-24 00:00:00w2021-04-26yBK